Violence and globalization in Latin America /
Sábháilte in:
| Príomhchruthaitheoir: | |
|---|---|
| Rannpháirtithe: | |
| Formáid: | Téacs |
| Clibeanna: |
Cuir clib leis
Níl clibeanna ann, Bí ar an gcéad duine le clib a chur leis an taifead seo!
|
MARC
| LEADER | 00000 a a2200000 04500 | ||
|---|---|---|---|
| 001 | 48704 | ||
| 003 | |||
| 040 | |||
| 100 | |a Briceño León, Roberto | ||
| 245 | |a Violence and globalization in Latin America / |c Roberto Briceño León, Verónica Zubillaga | ||
| 700 | |a Zubillaga, Verónica | ||
| 773 | |g volumen 50, número 1, (2001), páginas 19-37 | ||
| 999 | |c 28822 |d 28822 | ||
